00586cam a22001812 4500001001100000005001700011008004100028020001700069040001500086110005600101245009500157250001300252260002600265300001600291650004900307650004500356852000300401000000983220151217155844.0081201s xx 000 0 eng d a490364510x : aKABUcKABU2 aJapan International Cooperation Agency.@000016159310aStrengthening of Mathematics and Science in Secondary Education (SMASSE) Project in Kenya. a1st ed. aTokyo :bJICA,c2007. aix, 124 p. 0aMathematicsxStudy and teaching.@0000159607 0aSciencexStudy and teaching.@00001539491